000 00819nam a2200241Ia 4500
003 OSt
005 20221005112241.0
006 a|||||r|||| 00| 0
007 ta
008 221004b |||||||| |||| 00| 0 pan d
020 _a8171433081 (hbk)
_c200
024 _a95962
037 _b209, 31/12/2008, H.K. Prakashan
_cTextual
040 _aCRL
_cCRL
_bpan
041 _2pan
_apan
082 _aO153,3:g, P2
100 _aਦੇਵਿੰਦਰ ਸਿੰਘ, ਥਦ।
245 0 _aਪੰਜਾਬੀ ਗਲਪ ਵਿਹਾਰ
260 _aਅੰਮ੍ਰਿਤਸਰ
_bਰਵੀ ਸਾਹਿਤ ਭਾਰਤ
_c2002
300 _a192ਪੰ
_ccm.
942 _hO153,3:g, P2
_cTEXL
_2cc
999 _c1024325
_d1024325